[Event "HUN-chT2 Toth 1819"]
[Site "Hungary"]
[Date "2019.03.31"]
[Round "10.7"]
[White "Brhlik, Gyorgy"]
[Black "Kovacs, Robert"]
[Result "1/2-1/2"]
[WhiteElo "1886"]
[BlackElo "2049"]
[PlyCount "34"]
[EventDate "2018.09.23"]
[EventType "team-tourn"]
[EventRounds "11"]
[EventCountry "HUN"]
[SourceTitle "EXT 2021"]
[Source "ChessBase"]
[SourceDate "2020.10.23"]
[SourceVersion "1"]
[SourceVersionDate "2020.10.23"]
[SourceQuality "1"]
[WhiteTeam "Bekes"]
[BlackTeam "Karcag"]
[WhiteTeamCountry "HUN"]
[BlackTeamCountry "HUN"]

1. Nf3 Nf6 2. d4 g6 3. Bf4 d5 4. e3 Bg7 5. c4 0-0 6. Nc3 c5 7. Qb3 dxc4 8. Bxc4 Nc6 9. Ne5 Nxe5 10. Bxe5 cxd4 11. Bxd4 Qa5 12. Qb5 Qxb5 13. Nxb5 Ne4 14. Ke2 Bxd4 15. Nxd4 Nd6 16. Bb3 Bd7 17. f3 Rac8 1/2-1/2

[Event "HUN-chT2 Toth 1819"]
[Site "Hungary"]
[Date "2019.03.10"]
[Round "9.3"]
[White "Kovacs, Robert"]
[Black "Vilagos, Nandor"]
[Result "1/2-1/2"]
[WhiteElo "2049"]
[BlackElo "2009"]
[PlyCount "116"]
[EventDate "2018.09.23"]
[EventType "team-tourn"]
[EventRounds "11"]
[EventCountry "HUN"]
[SourceTitle "EXT 2021"]
[Source "ChessBase"]
[SourceDate "2020.10.23"]
[SourceVersion "1"]
[SourceVersionDate "2020.10.23"]
[SourceQuality "1"]
[WhiteTeam "Karcag"]
[BlackTeam "Felegyhaza Csongrad"]
[WhiteTeamCountry "HUN"]
[BlackTeamCountry "HUN"]

1. d4 d5 2. c4 c6 3. Nf3 Nf6 4. e3 Bf5 5. Nc3 e6 6. Nh4 Bg4 7. f3 Bh5 8. g3 Nbd7 9. Be2 dxc4 10. Bxc4 Nb6 11. Be2 Be7 12. Ng2 Qc7 13. Nf4 Bg6 14. Nd3 Nfd7 15. e4 f6 16. Be3 e5 17. Rc1 Rd8 18. d5 Qb8 19. dxc6 bxc6 20. Na4 Qd6 21. Nac5 Rc8 22. 0-0 Bf7 23. b3 Be6 24. Qc2 Nxc5 25. Bxc5 Qd7 26. Rfd1 Qc7 27. Bxe7 Qxe7 28. Qc5 Rc7 29. Qxe7+ Kxe7 30. Nc5 Bc8 31. Kf2 Rd8 32. Rxd8 Kxd8 33. Ke3 Ke7 34. b4 Nd7 35. Nxd7 Bxd7 36. Rc5 Rb7 37. a3 Kd6 38. f4 Bc8 39. Bc4 Rb6 40. Ra5 a6 41. fxe5+ fxe5 42. Bg8 h6 43. Bc4 Rb8 44. Bxa6 Bg4 45. Be2 Bd7 46. Ra7 Rf8 47. Ra5 Rb8 48. Rc5 Ra8 49. Rc3 Rb8 50. Kd2 Rf8 51. Rf3 Ra8 52. Rd3+ Kc7 53. Kc2 Be6 54. Rc3 Kb6 55. h4 Ra7 56. Kb2 Rd7 57. Rd3 Rf7 58. Rf3 Rd7 1/2-1/2

[Event "HUN-chT2 Toth 1617"]
[Site "Hungary"]
[Date "2017.03.12"]
[Round "10.4"]
[White "Kovacs, Robert"]
[Black "Hajdu, Sandor2222"]
[Result "1/2-1/2"]
[WhiteElo "2117"]
[BlackElo "2005"]
[PlyCount "43"]
[EventDate "2016.09.25"]
[EventType "team-tourn"]
[EventRounds "11"]
[EventCountry "HUN"]
[SourceTitle "EXT 2021"]
[Source "ChessBase"]
[SourceDate "2020.10.23"]
[SourceVersion "1"]
[SourceVersionDate "2020.10.23"]
[SourceQuality "1"]
[WhiteTeam "Karcag"]
[BlackTeam "Szentes Integral"]
[WhiteTeamCountry "HUN"]
[BlackTeamCountry "HUN"]

1. d4 d5 2. Nf3 Nf6 3. c4 e6 4. g3 Be7 5. Bg2 0-0 6. 0-0 b6 7. Ne5 Bb7 8. Nc3 Nbd7 9. cxd5 Nxe5 10. dxe5 Nxd5 11. Nxd5 Bxd5 12. Be3 c5 13. f4 Qc7 14. Qc2 Rfd8 15. Rfd1 Rac8 16. Rac1 Qb7 17. Bxd5 exd5 18. b3 Qd7 19. Kg2 Qe6 20. Bf2 h5 21. h3 Rc6 22. Rd2 1/2-1/2

[Event "HUN-chT2 Toth 1112"]
[Site "Hungary"]
[Date "2011.09.25"]
[Round "1.6"]
[White "Kovacs, Robert"]
[Black "Zsiros, Laszlo"]
[Result "1/2-1/2"]
[WhiteElo "2100"]
[BlackElo "1918"]
[PlyCount "88"]
[EventDate "2011.09.25"]
[EventType "team-tourn"]
[EventRounds "11"]
[EventCountry "HUN"]
[SourceTitle "EXT 2013"]
[Source "ChessBase"]
[SourceDate "2012.11.22"]
[SourceVersion "1"]
[SourceVersionDate "2012.11.22"]
[SourceQuality "1"]
[WhiteTeam "Karcag"]
[BlackTeam "KHTK"]
[WhiteTeamCountry "HUN"]
[BlackTeamCountry "HUN"]

1. d4 Nf6 2. Nf3 e6 3. c4 d5 4. cxd5 exd5 5. Bg5 Be7 6. Nc3 c6 7. Qc2 Be6 8. e3 Nbd7 9. Bd3 Nb6 10. Rb1 h6 11. Bf4 0-0 12. 0-0 Rc8 13. Na4 Nxa4 14. Qxa4 Qb6 15. b4 a6 16. Qb3 Ne4 17. Qc2 Nf6 18. a3 Qd8 19. Nd2 Bd6 20. Bxd6 Qxd6 21. Qc5 Qb8 22. Rbc1 b6 23. Qc3 Qb7 24. f3 Rc7 25. e4 Nd7 26. Nb3 Rfc8 27. e5 c5 28. bxc5 bxc5 29. dxc5 Nxc5 30. Nxc5 Qa7 31. Qa5 Rxc5 32. Rxc5 Qxc5+ 33. Qxc5 Rxc5 34. Bxa6 Ra5 35. Bd3 Rxa3 36. Rd1 Ra2 37. Rc1 g5 38. Rc2 Rxc2 39. Bxc2 f6 40. exf6 Kf7 41. Kf2 Kxf6 42. Ke3 Ke5 43. Bg6 Bd7 44. g3 d4+ 1/2-1/2

[Event "HUN-chT2 Toth 0910"]
[Site "Hungary"]
[Date "2010.02.14"]
[Round "6.6"]
[White "Kovacs, Robert"]
[Black "Nagy, Robert"]
[Result "1-0"]
[WhiteElo "2119"]
[BlackElo "2000"]
[PlyCount "99"]
[EventDate "2009.11.08"]
[EventType "team-tourn"]
[EventRounds "11"]
[EventCountry "HUN"]
[SourceTitle "EXT 2011"]
[Source "ChessBase"]
[SourceDate "2010.11.26"]
[SourceVersion "1"]
[SourceVersionDate "2010.11.26"]
[SourceQuality "1"]
[WhiteTeam "Karcag"]
[BlackTeam "Mezobereny"]
[WhiteTeamCountry "HUN"]
[BlackTeamCountry "HUN"]

1. d4 d5 2. Nf3 c6 3. c4 Nf6 4. Nc3 e6 5. cxd5 exd5 6. Bg5 Be7 7. Qc2 h6 8. Bf4 0-0 9. e3 Re8 10. Bd3 Bb4 11. 0-0 Bxc3 12. bxc3 Ne4 13. c4 b6 14. cxd5 cxd5 15. Rfc1 Bd7 16. Ne5 f6 17. Nxd7 Nxd7 18. Qb3 Nf8 19. Bc7 Qd7 20. Bb5 Qf5 21. Qc2 Re6 22. f3 Nd6 23. Bd3 Qh5 24. Bxd6 Rxd6 25. Bf5 Qe8 26. Qb3 g6 27. Be4 Qf7 28. Bd3 Re8 29. Bb5 Re7 30. Rc3 f5 31. Rc6 Rd8 32. Rac1 Nh7 33. R1c3 Nf6 34. Qc2 Kg7 35. Rc7 Ne8 36. Rxe7 Qxe7 37. Kf2 Kf8 38. a4 Qb4 39. Rb3 Qd6 40. g3 Nc7 41. Be2 Ke7 42. Rc3 Kd7 43. Kg2 a6 44. h4 h5 45. g4 hxg4 46. fxg4 Rh8 47. h5 gxh5 48. Qxf5+ Kd8 49. Qg5+ Ke8 50. Qg7 1-0

[Event "HUN-chT2 Toth 0809"]
[Site "Hungary"]
[Date "2009.03.08"]
[Round "9.4"]
[White "Kovacs, Robert"]
[Black "Csuri, Laszlo"]
[Result "1/2-1/2"]
[WhiteElo "2127"]
[BlackElo "2072"]
[PlyCount "115"]
[EventDate "2008.10.26"]
[EventType "team-tourn"]
[EventRounds "11"]
[EventCountry "HUN"]
[SourceTitle "EXT 2010"]
[Source "ChessBase"]
[SourceDate "2010.11.25"]
[SourceVersion "1"]
[SourceVersionDate "2010.11.25"]
[SourceQuality "1"]
[WhiteTeam "Karcag"]
[BlackTeam "Vasarhelyi"]
[WhiteTeamCountry "HUN"]
[BlackTeamCountry "HUN"]

1. Nf3 c5 2. g3 Nc6 3. c4 g6 4. Bg2 Bg7 5. 0-0 Nf6 6. Nc3 0-0 7. d3 d6 8. Rb1 a6 9. a3 Rb8 10. b4 cxb4 11. axb4 b5 12. cxb5 axb5 13. Bd2 Bd7 14. Qc2 Qc8 15. Rfc1 Bh3 16. Nxb5 Bxg2 17. Kxg2 Rxb5 18. Qxc6 Qb8 19. e4 h5 20. Qc7 Rb7 21. Qxb8 Rfxb8 22. Rc6 Ra8 23. Rbc1 Bf8 24. Rc8 Rxc8 25. Rxc8 Kg7 26. Bc3 e5 27. Rc6 Nd7 28. Ng5 Be7 29. h4 Nf8 30. f4 f6 31. Nf3 exf4 32. gxf4 Ne6 33. Kg3 Kf7 34. f5 gxf5 35. exf5 Nd8 36. Ra6 Rc7 37. Bd2 Rb7 38. Nd4 Ke8 39. b5 d5 40. Ra8 Kd7 41. Ba5 Nf7 42. b6 Bd6+ 43. Kg2 Ne5 44. Nb5 Nc6 45. Nxd6 Kxd6 46. Be1 Ke5 47. Bg3+ Kxf5 48. Bc7 Ke6 49. Rh8 Ne5 50. Rxh5 Nxd3 51. Rh8 d4 52. Rd8 Nb4 53. Rxd4 Nd5 54. Rxd5 Kxd5 55. Kf3 Ke6 56. Kf4 Kf7 57. Kf5 Kg7 58. h5 1/2-1/2